| Поле | Название | Значение |
| |
Тип записи |
a |
| |
Библиографический уровень |
m |
| 001 |
Контрольный номер |
38f03a27bd314104b305b3499dda0fe9 |
| 005 |
Дата корректировки |
20150320101937.7 |
| 010 |
Индекс ISBN |
__ |
| a |
ISBN |
978-5-4468-1522-7 |
| d |
Цена |
580,80 |
| 101 |
Язык документа |
0_ |
| a |
Язык текста |
rus |
| 102 |
Страна публикации |
__ |
| a |
Страна публикации |
RU |
| 200 |
Заглавие и сведения об ответственности |
1_ |
| b |
Общее обозначение материала |
Текст |
| a |
Заглавие |
Экономика организации |
| e |
Сведения, относящиеся к заглавию |
учебник для студ. учреждений сред. проф. образования |
| f |
Первые сведения об ответственности |
Н. П. Котерова |
| 205 |
Сведения об издании |
__ |
| a |
Основные сведения об издании |
7-е изд., стер. |
| 210 |
Выходные данные |
1_ |
| a |
Место издания |
М. |
| c |
Издательство |
Издательский центр "Академия" |
| d |
Дата издания |
2014 |
| 215 |
Физическое описание |
__ |
| a |
Объем |
288 с. |
| 225 |
Серия |
2_ |
| a |
Серия |
Профессиональное образование |
| 300 |
Общие примечания |
__ |
| a |
Общие примечания |
Рек. ФГАУ "ФИРО" |
| 610 |
Ключевые слова |
0_ |
| a |
Ключевые слова |
учебник |
| a |
Ключевые слова |
экономика |
| a |
Ключевые слова |
экономика организации |
| a |
Ключевые слова |
предпринимательство |
| a |
Ключевые слова |
рыночная экономика |
| a |
Ключевые слова |
предприятие |
| a |
Ключевые слова |
производство |
| a |
Ключевые слова |
производственное предприятие |
| a |
Ключевые слова |
риски |
| a |
Ключевые слова |
логистика организации |
| a |
Ключевые слова |
производственные фонды |
| a |
Ключевые слова |
инвестиционная политика |
| a |
Ключевые слова |
трудовые ресурсы |
| a |
Ключевые слова |
организация труда |
| a |
Ключевые слова |
производительность труда |
| a |
Ключевые слова |
кадровая политика |
| a |
Ключевые слова |
заработная плата |
| a |
Ключевые слова |
экономические показатели |
| a |
Ключевые слова |
рентабельность предприятия |
| a |
Ключевые слова |
ценовая политика |
| a |
Ключевые слова |
внутрифирменное планирование |
| a |
Ключевые слова |
бизнес-план |
| a |
Ключевые слова |
финансовые ресурсы организации |
| a |
Ключевые слова |
финансы предприятия |
| a |
Ключевые слова |
внешнеэкономическая деятельность предприятия |
| a |
Ключевые слова |
СПО |
| 686 |
Индексы других классификаций |
__ |
| a |
Классификационный индекс |
65.012.1 |
| 700 |
Автор |
_1 |
| a |
Фамилия |
Котерова |
| b |
Имя |
Н. П. |
| 801 |
Источник записи |
_0 |
| a |
Страна |
RU |
| b |
Организация |
РУК |
| g |
Правила каталогизации |
PSBO |
| 801 |
Источник записи |
_1 |
| a |
Страна |
RU |
| b |
Организация |
РУК |
| g |
Правила каталогизации |
PSBO |
| 852 |
Данные о местонахождении |
__ |
| i |
Авторский знак |
К 73 |
| j |
Шифр хранения |
ББК 65.012.1 |
| 901 |
Тип документа |
__ |
| t |
Тип документа |
m |
| 937 |
Технологическая информация |
__ |
| a |
Создатель записи (имя) |
Михно |
| 938 |
Служебная информация |
__ |
| a |
Название организации |
Поволжский филиал |
| 952 |
Тип литературы |
__ |
| b |
Гриф литературы для ВШ |
гриф |
| c |
Вид литературы |
учебник |